[Event "Schachfestival Open"]
[Site "Bad Woerishofen"]
[Date "2011.03.26"]
[Round "4.17"]
[White "Fiderer, Lukas"]
[Black "Braun, Christian"]
[Result "1-0"]
[WhiteElo "2154"]
[BlackElo "2383"]
[PlyCount "38"]
[EventDate "2011.??.??"]

1. e4 e6 2. d4 d5 3. Nc3 Nf6 4. Bg5 Be7 5. e5 Nfd7 6. h4 c5 7. Bxe7 Kxe7 8. Nf3
cxd4 9. Qxd4 Qb6 10. Qd2 h6 11. O-O-O Nc6 12. Re1 Qa5 13. Rh3 Nb6 14. Nd4 Nxd4
15. Qxd4 Bd7 16. b4 Qa3+ 17. Kb1 Nc4 18. Nxd5+ exd5 19. Rxa3 Nxa3+ 1-0

[Event "Schachfestival Open"]
[Site "Bad Woerishofen"]
[Date "2011.03.26"]
[Round "4.50"]
[White "Stull, Norbert"]
[Black "Perner, Wolfgang"]
[Result "1-0"]
[WhiteElo "2095"]
[BlackElo "1839"]
[PlyCount "33"]
[EventDate "2011.??.??"]

1. d4 d5 2. Nf3 Nf6 3. c4 c6 4. Nc3 e6 5. e3 Nbd7 6. Bd3 dxc4 7. Bxc4 b5 8. Bd3
Bb7 9. e4 a6 10. e5 Nd5 11. Nxd5 cxd5 12. Ng5 Bb4+ 13. Kf1 h6 14. Qh5 Qe7 15.
Nxf7 O-O 16. Qg6 Qxf7 17. Qh7# 1-0

[Event "Schachfestival Open"]
[Site "Bad Woerishofen"]
[Date "2011.03.26"]
[Round "4.4"]
[White "Skembris, Spyridon"]
[Black "Szablowski, Pawel"]
[Result "1/2-1/2"]
[WhiteElo "2461"]
[BlackElo "2404"]
[PlyCount "51"]
[EventDate "2011.??.??"]

1. d4 e6 2. c4 b6 3. Nf3 Bb7 4. Bg5 f6 5. Bf4 g5 6. Bc1 g4 7. Nfd2 f5 8. e4
fxe4 9. Qxg4 Nf6 10. Qh4 Bg7 11. Nc3 O-O 12. Nb3 Nc6 13. Bg5 Ne7 14. Nxe4 Bxe4
15. Bxf6 Rxf6 16. Qxe4 Ng6 17. g3 Qf8 18. Qc2 e5 19. Bg2 exd4 20. O-O c5 21.
Bxa8 Qxa8 22. f4 Nh4 23. Rf2 Nf3+ 24. Kf1 Re6 25. Qf5 Nd2+ 26. Rxd2 1/2-1/2

[Event "Schachfestival Open"]
[Site "Bad Woerishofen"]
[Date "2011.03.26"]
[Round "4.8"]
[White "Deglmann, Ludwig"]
[Black "Zubarev, Alexander"]
[Result "0-1"]
[WhiteElo "2373"]
[BlackElo "2594"]
[PlyCount "38"]
[EventDate "2011.??.??"]

1. c4 Nf6 2. g3 g6 3. Bg2 Bg7 4. Nc3 O-O 5. d3 Nc6 6. Bg5 a6 7. Qd2 Rb8 8. Rb1
b5 9. Nd5 bxc4 10. dxc4 Ne5 11. Rc1 Nxd5 12. cxd5 Rxb2 13. Qa5 h6 14. Bf4 d6
15. Qxc7 Rxa2 16. Nf3 Nxf3+ 17. exf3 Bb7 18. Qxb7 Qa5+ 19. Kf1 Bd4 0-1

[Event "Schachfestival Open"]
[Site "Bad Woerishofen"]
[Date "2011.03.26"]
[Round "4.15"]
[White "Zaja, Ivan"]
[Black "Guttenthaler, Franz"]
[Result "1-0"]
[WhiteElo "2494"]
[BlackElo "2164"]
[PlyCount "71"]
[EventDate "2011.??.??"]

1. d4 Nf6 2. c4 g6 3. Nc3 Bg7 4. e4 d6 5. f3 O-O 6. Be3 c6 7. Qd2 e5 8. Nge2
Nbd7 9. d5 cxd5 10. cxd5 a6 11. g4 h5 12. h3 b5 13. Bg5 b4 14. Nd1 Qa5 15. Ne3
Nb6 16. a3 Bd7 17. Qxb4 Qxb4+ 18. axb4 hxg4 19. hxg4 Bb5 20. Nc3 Bxf1 21. Rxf1
Rfc8 22. Ke2 Ne8 23. Kd3 Nc7 24. Be7 Bf8 25. Bxf8 Kxf8 26. Rfc1 Nb5 27. Nxb5
axb5 28. Rxa8 Rxa8 29. Rc6 Nc8 30. Nd1 Rb8 31. Nc3 f5 32. gxf5 gxf5 33. exf5
Ke7 34. Rc7+ Kf6 35. Ne4+ Kxf5 36. Rxc8 1-0

[Event "Schachfestival Open"]
[Site "Bad Woerishofen"]
[Date "2011.03.26"]
[Round "4.20"]
[White "Von Gleich, Alexander"]
[Black "Schleich, Theodor"]
[Result "1-0"]
[WhiteElo "2335"]
[BlackElo "2138"]
[PlyCount "57"]
[EventDate "2011.??.??"]

1. Nf3 e6 2. c4 b6 3. g3 Bb7 4. Bg2 f5 5. O-O Nf6 6. d3 Be7 7. Nc3 O-O 8. e4 d6
9. Ng5 Qc8 10. Re1 e5 11. Bh3 g6 12. exf5 gxf5 13. d4 Nc6 14. d5 Nd4 15. Ne6
Nxe6 16. Bxf5 Qe8 17. Bxe6+ Kh8 18. Bh6 Rg8 19. Bxg8 Qxg8 20. f4 Qg6 21. Bg5
Bc8 22. fxe5 dxe5 23. Rxe5 Bg4 24. Qd2 Bd6 25. Bf4 Bf5 26. Rxf5 Qxf5 27. Bxd6
cxd6 28. Rf1 Qe5 29. Re1 1-0

[Event "Schachfestival Open"]
[Site "Bad Woerishofen"]
[Date "2011.03.26"]
[Round "4.27"]
[White "Baum, Bernd"]
[Black "Klamp, Christoph"]
[Result "1-0"]
[WhiteElo "2267"]
[BlackElo "2118"]
[PlyCount "53"]
[EventDate "2011.??.??"]

1. c4 f5 2. Nc3 Nf6 3. g3 e6 4. Bg2 Bb4 5. Qb3 a5 6. e3 Nc6 7. Nge2 O-O 8. O-O
Kh8 9. d4 Qe8 10. Nb5 a4 11. Qc2 Qd8 12. d5 Ne5 13. Rd1 c6 14. dxc6 bxc6 15. f4
Neg4 16. h3 Ba6 17. Nbd4 Qe8 18. hxg4 Nxg4 19. Nf3 d5 20. b3 Qh5 21. Ned4 Bb7
22. a3 Bc5 23. cxd5 Bxd4 24. Rxd4 c5 25. Rxa4 Rxa4 26. bxa4 Bxd5 27. Nh4 1-0

[Event "Schachfestival Open"]
[Site "Bad Woerishofen"]
[Date "2011.03.26"]
[Round "4.5"]
[White "Gaponenko, Inna"]
[Black "de Francesco, Klaus"]
[Result "1-0"]
[WhiteElo "2434"]
[BlackElo "2282"]
[PlyCount "71"]
[EventDate "2011.??.??"]

1. e4 e6 2. d4 d5 3. Nc3 Bb4 4. e5 b6 5. a3 Bf8 6. Nf3 Qd7 7. b4 c6 8. Rb1 Qc7
9. Bd3 Nd7 10. Ng5 Be7 11. h4 Nf8 12. h5 Nh6 13. Nf3 Bd7 14. Rh3 Nf5 15. g4 Nh6
16. Rg3 c5 17. bxc5 bxc5 18. Nb5 Bxb5 19. Bxb5+ Nd7 20. c4 O-O 21. cxd5 exd5
22. Bxh6 gxh6 23. g5 hxg5 24. Nxg5 Bxg5 25. Rxg5+ Kh8 26. Bxd7 Qxd7 27. Qf3 f6
28. Rf5 Rab8 29. Rxb8 Rxb8 30. Rxf6 Qe7 31. Rf7 Rb1+ 32. Ke2 Rb2+ 33. Kd1 Qg5
34. Rf8+ Kg7 35. Qf7+ Kh6 36. Qe6+ 1-0

[Event "Schachfestival Open"]
[Site "Bad Woerishofen"]
[Date "2011.03.26"]
[Round "4.6"]
[White "Bukal, Vladimir"]
[Black "Siebrecht, Sebastian"]
[Result "0-1"]
[WhiteElo "2402"]
[BlackElo "2435"]
[PlyCount "96"]
[EventDate "2011.??.??"]

1. d4 f5 2. g3 Nf6 3. Bg2 g6 4. Nf3 Bg7 5. O-O O-O 6. c4 d6 7. Nc3 c6 8. Rb1
Na6 9. b4 Nc7 10. b5 Ne4 11. Qc2 cxb5 12. cxb5 Kh8 13. Nxe4 fxe4 14. Ng5 d5 15.
Bf4 Ne6 16. Nxe6 Bxe6 17. Qc5 Qd7 18. Rfc1 Rfc8 19. Qb4 Bf6 20. a4 b6 21. h4
Rxc1+ 22. Rxc1 Rc8 23. Rc3 Kg7 24. e3 h6 25. Be5 Bxe5 26. dxe5 Rc7 27. Bf1 Kf7
28. Rxc7 Qxc7 29. Qb2 Bg4 30. e6+ Kg8 31. Be2 Bxe6 32. h5 g5 33. Kg2 Bf7 34. f3
Qc5 35. Kf2 Bxh5 36. fxe4 Bxe2 37. Qxe2 dxe4 38. Qd2 Qf5+ 39. Kg1 Qf3 40. Qd8+
Kf7 41. Qd5+ Kf6 42. Qd4+ Kg6 43. Kh2 g4 44. a5 Qf2+ 45. Kh1 Qf1+ 46. Kh2 Qh3+
47. Kg1 Qxg3+ 48. Kh1 Qf3+ 0-1

[Event "Schachfestival Open"]
[Site "Bad Woerishofen"]
[Date "2011.03.26"]
[Round "4.7"]
[White "Tiviakov, Sergei"]
[Black "Singer, Christoph"]
[Result "1-0"]
[WhiteElo "2624"]
[BlackElo "2373"]
[PlyCount "77"]
[EventDate "2011.??.??"]

1. e4 e5 2. Nf3 Nc6 3. Bb5 a6 4. Ba4 Nf6 5. d3 d6 6. c3 Bd7 7. O-O g6 8. Bg5
Bg7 9. Re1 h6 10. Be3 O-O 11. h3 Nh5 12. d4 Qe7 13. Nbd2 Rad8 14. Bc2 Nf4 15.
d5 Nb8 16. c4 Bc8 17. b4 Nd7 18. Rc1 Nf6 19. c5 N6h5 20. cxd6 cxd6 21. Bb6 Nxg2
22. Kxg2 Nf4+ 23. Kh2 Nxh3 24. Bd3 Nf4 25. Bxd8 Qxd8 26. Re3 g5 27. Bf1 Bd7 28.
Qc2 g4 29. Ne1 Qh4+ 30. Kg1 f5 31. Qc7 Rc8 32. Qxc8+ Bxc8 33. Rxc8+ Kh7 34.
exf5 Nxd5 35. Ng2 Qe7 36. Bc4 Nb6 37. Bg8+ Kh8 38. Rb8 Nd7 39. Nf4 1-0

[Event "Schachfestival Nestoren"]
[Site "Bad Woerishofen"]
[Date "2011.03.26"]
[Round "4.1"]
[White "Hund, Gerhard"]
[Black "Lainburg, Viktor"]
[Result "1/2-1/2"]
[WhiteElo "2109"]
[BlackElo "2190"]
[PlyCount "88"]
[EventDate "2011.??.??"]

1. d4 Nf6 2. Nf3 g6 3. Bf4 Bg7 4. c4 d5 5. Nc3 e6 6. e3 O-O 7. Be2 b6 8. O-O
Bb7 9. Re1 Nh5 10. Be5 f6 11. Bg3 Nxg3 12. hxg3 c6 13. cxd5 exd5 14. b4 Nd7 15.
Qb3 b5 16. e4 Nb6 17. exd5 Nxd5 18. Nxd5 cxd5 19. Bxb5 Qb6 20. Bd7 Rfd8 21. Bh3
Ba6 22. Rac1 Bc4 23. Qc3 Bxa2 24. Re6 Rd6 25. Rce1 Rxe6 26. Rxe6 Qd8 27. Rc6
Bc4 28. Nd2 f5 29. Nxc4 dxc4 30. Qxc4+ Kh8 31. d5 Qe8 32. Re6 Qa4 33. Kh2 a5
34. Ra6 Rd8 35. Rxa5 Qd7 36. g4 Be5+ 37. f4 Bc7 38. Qd4+ Kg8 39. Rc5 Bb6 40.
gxf5 Bxc5 41. bxc5 Qxd5 42. Qxd5+ Rxd5 43. fxg6 Rxc5 44. gxh7+ Kxh7 1/2-1/2

[Event "Schachfestival Nestoren"]
[Site "Bad Woerishofen"]
[Date "2011.03.26"]
[Round "4.3"]
[White "Möckel, Edgar"]
[Black "Erhart, Uwe"]
[Result "0-1"]
[WhiteElo "1935"]
[BlackElo "2085"]
[PlyCount "106"]
[EventDate "2011.??.??"]

1. d4 Nf6 2. c4 e6 3. Nc3 Bb4 4. Qc2 c5 5. dxc5 Bxc5 6. Nf3 O-O 7. Bg5 Be7 8.
e3 d6 9. Bd3 Nbd7 10. O-O h6 11. Bh4 b6 12. Rad1 Bb7 13. Be2 a6 14. Qd2 Rc8 15.
b3 Qc7 16. Bg3 e5 17. Nd5 Nxd5 18. cxd5 Nf6 19. Rc1 Qb8 20. Nh4 Rfd8 21. Nf5
Bf8 22. f3 Nxd5 23. e4 Ne7 24. Bh4 g5 25. Nxe7+ Bxe7 26. Bf2 b5 27. Be3 Rxc1
28. Rxc1 Rc8 29. h4 Rxc1+ 30. Qxc1 Qc8 31. Qd2 f6 32. hxg5 hxg5 33. g4 Qc6 34.
Qd3 Bd8 35. Kg2 Bb6 36. Bxb6 Qxb6 37. b4 Kf7 38. Qb3+ d5 39. exd5 Ke7 40. Qd3
Kd6 41. Bd1 Qd4 42. Bc2 Bxd5 43. Qxd4 exd4 44. a3 Ke5 45. Kg3 Bc4 46. Kf2 d3
47. Bd1 Kd4 48. f4 gxf4 49. Kf3 Ke5 50. a4 Bd5+ 51. Kf2 Kd4 52. axb5 axb5 53.
Ke1 Kc3 0-1

[Event "Schachfestival Nestoren"]
[Site "Bad Woerishofen"]
[Date "2011.03.26"]
[Round "4.4"]
[White "Zohr, Adelbert"]
[Black "Meinhardt, Günter"]
[Result "0-1"]
[WhiteElo "1939"]
[BlackElo "1880"]
[PlyCount "84"]
[EventDate "2011.??.??"]

1. c4 e5 2. Nc3 d6 3. e3 c6 4. d4 exd4 5. exd4 d5 6. Bd3 Nf6 7. Nf3 Qe7+ 8. Be3
Qc7 9. O-O Bd6 10. Rc1 dxc4 11. Bxc4 O-O 12. Bb3 a5 13. Bc2 Bg4 14. h3 Bh5 15.
Bg5 Nbd7 16. Bb1 Bf4 17. Bxf4 Qxf4 18. Qd3 Bxf3 19. gxf3 Qh4 20. Kh2 g6 21. Ne2
Nh5 22. Qe4 Qd8 23. Ng3 Re8 24. Qg4 Nxg3 25. Qxg3 Nf6 26. Qh4 Nh5 27. Qxd8
Raxd8 28. Rcd1 Re2 29. b3 Rb2 30. Kg2 Nf4+ 31. Kg3 Ne2+ 32. Kg2 Nc3 33. Rc1
Nxb1 34. Rxb1 Rxa2 35. Rbd1 Rb2 36. Rd3 Rd5 37. f4 Rb5 38. Rfd1 R5xb3 39. Rxb3
Rxb3 40. d5 cxd5 41. Rxd5 b5 42. Rd8+ Kg7 0-1

[Event "Schachfestival Senioren"]
[Site "Bad Woerishofen"]
[Date "2011.03.26"]
[Round "4.1"]
[White "Bhend, Edwin"]
[Black "Lutz, Albert"]
[Result "1/2-1/2"]
[WhiteElo "2252"]
[BlackElo "2166"]
[PlyCount "33"]
[EventDate "2011.??.??"]

1. e4 d6 2. d4 Nf6 3. Nc3 g6 4. f4 Bg7 5. Nf3 c5 6. e5 Ng4 7. d5 dxe5 8. h3 e4
9. hxg4 exf3 10. Qxf3 Qb6 11. a4 Bd7 12. Bd2 Na6 13. Bc4 Nb4 14. Rc1 f5 15. g5
a6 16. b3 O-O-O 17. Kf2 1/2-1/2

[Event "Schachfestival Senioren"]
[Site "Bad Woerishofen"]
[Date "2011.03.26"]
[Round "4.4"]
[White "Krieger, Hermann"]
[Black "Neese, Hans Joachim"]
[Result "1/2-1/2"]
[WhiteElo "2172"]
[BlackElo "2230"]
[PlyCount "39"]
[EventDate "2011.??.??"]

1. e4 c5 2. Nf3 d6 3. d4 cxd4 4. Nxd4 Nf6 5. Nc3 a6 6. f4 e6 7. Be2 Qc7 8. O-O
b5 9. a3 Nbd7 10. Bf3 Bb7 11. Qe2 Rc8 12. Be3 Be7 13. Rad1 O-O 14. g4 Nc5 15.
Qg2 Nfd7 16. g5 Rfe8 17. f5 Bf8 18. fxe6 Nxe6 19. Nf5 Ne5 20. Rf2 1/2-1/2

[Event "Schachfestival Senioren"]
[Site "Bad Woerishofen"]
[Date "2011.03.26"]
[Round "4.55"]
[White "Schirra, Paul"]
[Black "Riegler, Markus"]
[Result "0-1"]
[WhiteElo "1719"]
[BlackElo "1860"]
[PlyCount "37"]
[EventDate "2011.??.??"]

1. Nf3 d5 2. d4 Nf6 3. e3 Bg4 4. c4 e6 5. c5 a5 6. Bb5+ c6 7. Bd3 Be7 8. Nc3
Nbd7 9. h3 Bh5 10. Bd2 e5 11. Be2 e4 12. Nh2 Bxe2 13. Qxe2 g6 14. O-O-O b6 15.
cxb6 Nxb6 16. Kb1 a4 17. Rc1 Nc4 18. Rhd1 Qb8 19. Be1 0-1

[Event "Schachfestival Open"]
[Site "Bad Woerishofen"]
[Date "2011.03.27"]
[Round "5.1"]
[White "Siebrecht, Sebastian"]
[Black "Mainka, Romuald"]
[Result "1/2-1/2"]
[WhiteElo "2435"]
[BlackElo "2493"]
[PlyCount "42"]
[EventDate "2011.??.??"]

1. d4 d5 2. c4 e6 3. Nc3 Bb4 4. Nf3 Ne7 5. cxd5 exd5 6. a3 Bxc3+ 7. bxc3 O-O 8.
e3 c5 9. dxc5 Nd7 10. a4 Nxc5 11. Ba3 Qc7 12. Nd4 Bd7 13. Nb5 Bxb5 14. axb5 Ne4
15. Rc1 Rfe8 16. Bd3 Nc8 17. Bxe4 dxe4 18. O-O Nb6 19. c4 Nxc4 20. Qd4 Rac8 21.
Bb4 a5 1/2-1/2

[Event "Schachfestival Open"]
[Site "Bad Woerishofen"]
[Date "2011.03.27"]
[Round "5.3"]
[White "Huschenbeth, Niclas"]
[Black "Tiviakov, Sergei"]
[Result "0-1"]
[WhiteElo "2465"]
[BlackElo "2624"]
[PlyCount "64"]
[EventDate "2011.??.??"]

1. e4 d5 2. exd5 Qxd5 3. Nc3 Qd6 4. d4 Nf6 5. Nf3 c6 6. Bd3 Bg4 7. Be3 e6 8. h3
Bh5 9. Qd2 Bxf3 10. gxf3 Nbd7 11. Ne4 Qb4 12. c3 Qa5 13. b4 Qh5 14. Ng3 Qd5 15.
c4 Qd6 16. c5 Qc7 17. Bf4 Qd8 18. Bc4 Be7 19. Rg1 g6 20. Kf1 O-O 21. a4 a6 22.
Re1 Nd5 23. Bxd5 exd5 24. Kg2 Re8 25. Rb1 Bf6 26. Rgd1 Rc8 27. b5 axb5 28. axb5
h5 29. Bd6 Nb6 30. Rbc1 h4 31. Qf4 Bg5 32. Qg4 f5 0-1

[Event "Schachfestival Open"]
[Site "Bad Woerishofen"]
[Date "2011.03.27"]
[Round "5.4"]
[White "Zubarev, Alexander"]
[Black "Skembris, Spyridon"]
[Result "1-0"]
[WhiteElo "2594"]
[BlackElo "2461"]
[PlyCount "76"]
[EventDate "2011.??.??"]

1. d4 Nf6 2. c4 e6 3. Nf3 d5 4. g3 c6 5. Bg2 Nbd7 6. O-O Bd6 7. Nc3 O-O 8. Nd2
Bc7 9. e4 dxe4 10. Ndxe4 h6 11. b3 Nxe4 12. Nxe4 f5 13. Nc3 Qf6 14. Bb2 e5 15.
d5 e4 16. f3 Be5 17. Qc2 exf3 18. Rxf3 Bd4+ 19. Kh1 Ne5 20. Rf4 Ng6 21. dxc6
Nxf4 22. cxb7 Bxb7 23. Bxb7 Rab8 24. gxf4 Qh4 25. Bd5+ Kh8 26. Qd2 Bf6 27. Rg1
Rfe8 28. Bf3 Rbd8 29. Nd5 Bxb2 30. Qxb2 Rd7 31. Qc3 Qh3 32. Qd3 Rd6 33. c5 Rde6
34. Qc3 Rg8 35. b4 a6 36. a4 Kh7 37. b5 axb5 38. axb5 g5 1-0

[Event "Schachfestival Open"]
[Site "Bad Woerishofen"]
[Date "2011.03.27"]
[Round "5.5"]
[White "Luther, Thomas"]
[Black "Kilgus, Georg"]
[Result "1-0"]
[WhiteElo "2545"]
[BlackElo "2375"]
[PlyCount "77"]
[EventDate "2011.??.??"]

1. e4 e6 2. d4 d5 3. Nd2 c5 4. exd5 Qxd5 5. Ngf3 cxd4 6. Bc4 Qd6 7. O-O Nf6 8.
Nb3 Nc6 9. Nbxd4 Nxd4 10. Nxd4 a6 11. b3 Be7 12. Bb2 Qf4 13. Bd3 O-O 14. Qe2 b5
15. Nc6 Bd6 16. g3 Qg5 17. Rfd1 Qc5 18. Bxf6 gxf6 19. Qg4+ Kh8 20. Qh4 f5 21.
Qf6+ Kg8 22. Qg5+ Kh8 23. Qf6+ Kg8 24. Bxf5 Qxf5 25. Qxf5 exf5 26. Rxd6 Be6 27.
Rad1 Kg7 28. Nd4 Kf6 29. f4 Rfd8 30. Nxb5 Rxd6 31. Nxd6 Ke7 32. c4 Ra7 33. c5
a5 34. Nb5 Rb7 35. Nd4 a4 36. bxa4 Rb2 37. c6 Rxa2 38. Nxe6 fxe6 39. Rd7+ 1-0

[Event "Schachfestival Open"]
[Site "Bad Woerishofen"]
[Date "2011.03.27"]
[Round "5.8"]
[White "Szablowski, Pawel"]
[Black "Kovacevic, Blazimir"]
[Result "1/2-1/2"]
[WhiteElo "2404"]
[BlackElo "2466"]
[PlyCount "86"]
[EventDate "2011.??.??"]

1. e4 e6 2. d4 d5 3. Nd2 a6 4. Ngf3 Nf6 5. e5 Nfd7 6. Bd3 c5 7. c3 Nc6 8. O-O
g5 9. dxc5 g4 10. Nd4 Ndxe5 11. N2b3 Nxd3 12. Qxd3 e5 13. Re1 Bg7 14. Bf4 f6
15. Nf5 Bxf5 16. Qxf5 O-O 17. Be3 Qc8 18. Qh5 Qe6 19. Bh6 Rf7 20. Rad1 f5 21.
Bxg7 Rxg7 22. Nd4 Nxd4 23. Rxd4 Rf8 24. Rb4 Rc8 25. Qh4 Re7 26. Qg5+ Kh8 27.
Rb6 Rc6 28. a4 Rxb6 29. cxb6 h6 30. Qe3 Kg7 31. a5 f4 32. Qc5 Kf7 33. b4 e4 34.
b5 axb5 35. Qxb5 e3 36. fxe3 fxe3 37. Qb1 e2 38. a6 Qe3+ 39. Kh1 Qf2 40. a7 Re8
41. Qh7+ Kf6 42. Qxh6+ Kf7 43. Qh5+ Kf6 1/2-1/2

[Event "Schachfestival Open"]
[Site "Bad Woerishofen"]
[Date "2011.03.27"]
[Round "5.10"]
[White "Vrana, Frantisek"]
[Black "Zaja, Ivan"]
[Result "1/2-1/2"]
[WhiteElo "2305"]
[BlackElo "2494"]
[PlyCount "84"]
[EventDate "2011.??.??"]

1. e4 e6 2. d4 d5 3. Nc3 Bb4 4. e5 c5 5. a3 Ba5 6. b4 cxd4 7. Nb5 Bc7 8. f4 Bd7
9. Nxc7+ Qxc7 10. Nf3 a6 11. a4 Nc6 12. Bd2 Nh6 13. Bd3 Ne7 14. O-O Nhf5 15.
Qe2 h5 16. Rfe1 h4 17. b5 axb5 18. axb5 Rxa1 19. Rxa1 O-O 20. Bb4 Re8 21. Ng5
g6 22. Qg4 Kg7 23. Nf3 Rh8 24. Qg5 Ng8 25. Ra8 Bc8 26. Ba5 Qc5 27. Qd8 Nge7 28.
Qc7 Qa3 29. Kf2 Qa1 30. Bb4 Qc1 31. Bd2 Qd1 32. Bxf5 Nxf5 33. Rxc8 Rxc8 34.
Qxc8 h3 35. gxh3 Nh4 36. Nxh4 Qxd2+ 37. Kf3 Qe3+ 38. Kg4 Qg1+ 39. Kf3 Qf1+ 40.
Kg4 Qg1+ 41. Kf3 Qf1+ 42. Kg4 Qg1+ 1/2-1/2

[Event "Schachfestival Open"]
[Site "Bad Woerishofen"]
[Date "2011.03.27"]
[Round "5.11"]
[White "Zude, Arno"]
[Black "Tscharotschkin, Michael"]
[Result "1-0"]
[WhiteElo "2443"]
[BlackElo "2218"]
[PlyCount "61"]
[EventDate "2011.??.??"]

1. e4 e6 2. d4 d5 3. Nc3 Bb4 4. e5 c5 5. a3 Bxc3+ 6. bxc3 Ne7 7. Qg4 Qc7 8.
Qxg7 Rg8 9. Qxh7 cxd4 10. Ne2 Nbc6 11. f4 Bd7 12. Qd3 dxc3 13. Nxc3 a6 14. Ne2
O-O-O 15. Rb1 Nf5 16. h3 Na5 17. g4 Ba4 18. Nc3 Bxc2 19. Qxc2 d4 20. gxf5 Rg3
21. Qf2 Qxc3+ 22. Bd2 Qxa3 23. fxe6 fxe6 24. Rg1 Rb3 25. Rd1 Nc6 26. Qe2 Kb8
27. Rg7 Nb4 28. Qe4 Rd5 29. Qh7 Nc6 30. Bg2 Rc5 31. Rb1 1-0

[Event "Schachfestival Open"]
[Site "Bad Woerishofen"]
[Date "2011.03.27"]
[Round "5.15"]
[White "Pirrot, Dieter"]
[Black "Lindemann, Christian"]
[Result "1-0"]
[WhiteElo "2393"]
[BlackElo "2230"]
[PlyCount "101"]
[EventDate "2011.??.??"]

1. e4 d6 2. d4 Nf6 3. Nc3 Nbd7 4. Nf3 e5 5. g4 g6 6. g5 Nh5 7. Be3 Bg7 8. Qd2
O-O 9. O-O-O c6 10. dxe5 dxe5 11. Bc4 Qe7 12. Rhg1 Re8 13. h4 Bf8 14. Nh2 Nc5
15. Be2 Nf4 16. h5 b5 17. Bxf4 exf4 18. hxg6 hxg6 19. Bxb5 Bd7 20. Bc4 Rab8 21.
Qxf4 Bg7 22. Bb3 a5 23. Rxd7 Nxd7 24. Ng4 Rb4 25. f3 Reb8 26. Nh6+ Bxh6 27.
gxh6 Ne5 28. Rg5 R4b5 29. Nxb5 Rxb5 30. Kb1 Kh7 31. a4 Rc5 32. Rg1 f6 33. Rd1
Nf7 34. Bxf7 Qxf7 35. Qd6 Rh5 36. Qd7 Qxd7 37. Rxd7+ Kxh6 38. Rd6 Rh1+ 39. Ka2
Kg5 40. Rxc6 Rf1 41. Rc5+ Kf4 42. Rxa5 Rxf3 43. b4 g5 44. b5 Rc3 45. b6 Rxc2+
46. Kb3 Rc8 47. Rf5+ Kxe4 48. Rxf6 Kd5 49. Kb4 Rc6 50. Rf5+ Ke6 51. Rb5 1-0

[Event "Schachfestival Open"]
[Site "Bad Woerishofen"]
[Date "2011.03.27"]
[Round "5.16"]
[White "Erenska-Barlo, Hanna"]
[Black "Grimberg, Boris"]
[Result "0-1"]
[WhiteElo "2236"]
[BlackElo "2333"]
[PlyCount "88"]
[EventDate "2011.??.??"]

1. e4 c5 2. Nf3 d6 3. Bb5+ Nd7 4. O-O Ngf6 5. Re1 e5 6. c3 a6 7. Bf1 Be7 8. d4
Qc7 9. dxe5 dxe5 10. b3 O-O 11. Nbd2 Rd8 12. Qc2 Nb8 13. h3 Nc6 14. a4 b6 15.
Nc4 h6 16. Bb2 Bb7 17. Ne3 Na5 18. Nf5 Bf8 19. Ng3 Bc8 20. Rab1 Be6 21. c4 Nc6
22. Bc3 Rac8 23. Qb2 Nd4 24. Re3 a5 25. Rbe1 Nd7 26. Rd3 g6 27. Bd2 Bg7 28. Qc1
Kh7 29. Ne2 f5 30. Ng3 Rg8 31. Kh1 f4 32. Ne2 g5 33. Nh2 h5 34. f3 Nf6 35. Ng1
Bh6 36. Be2 Rg6 37. Bd1 Rcg8 38. Qb2 g4 39. fxg4 hxg4 40. hxg4 Nxg4 41. Bxg4
Bxg4 42. Bc3 Bh5 43. Bxd4 cxd4 44. Rh3 Qg7 0-1

[Event "Schachfestival Open"]
[Site "Bad Woerishofen"]
[Date "2011.03.27"]
[Round "5.23"]
[White "Schulze, Ulrich"]
[Black "Grünhagen, Marc"]
[Result "1-0"]
[WhiteElo "2335"]
[BlackElo "2128"]
[PlyCount "61"]
[EventDate "2011.??.??"]

1. d4 d5 2. Nf3 c6 3. c4 Nf6 4. Nc3 a6 5. c5 Nbd7 6. Bf4 Nh5 7. Bd2 Nhf6 8. Rc1
g6 9. h3 Bg7 10. Bf4 O-O 11. e3 Re8 12. Be2 b6 13. cxb6 Qxb6 14. b3 c5 15. O-O
cxd4 16. Na4 Qb4 17. exd4 Nh5 18. Qd2 Qxd2 19. Bxd2 Rb8 20. Rc6 Bb7 21. Rc7
Nhf6 22. Rfc1 Bf8 23. Bf4 e6 24. Nc5 Nxc5 25. dxc5 d4 26. c6 Bc8 27. Rxf7 Kxf7
28. Bxb8 Rd8 29. Bc7 Rd5 30. Bc4 Rc5 31. Bb6 1-0

[Event "Schachfestival Open"]
[Site "Bad Woerishofen"]
[Date "2011.03.27"]
[Round "5.29"]
[White "Kugelmann, Werner"]
[Black "Müller, Jan-Hendrik"]
[Result "0-1"]
[WhiteElo "2247"]
[BlackElo "2105"]
[PlyCount "70"]
[EventDate "2011.??.??"]

1. e4 e6 2. d3 d5 3. Nd2 Nf6 4. Ngf3 Nc6 5. g3 dxe4 6. dxe4 Bc5 7. Bg2 O-O 8.
O-O e5 9. h3 a5 10. c3 b6 11. Re1 Bb7 12. Qc2 Ba6 13. Bf1 Qc8 14. Kg2 Rd8 15.
Nc4 Qe6 16. Ne3 Bxf1+ 17. Rxf1 Ne7 18. Ng5 Qc6 19. Ng4 Nxg4 20. hxg4 Qg6 21.
Rh1 h6 22. Nf3 Qxg4 23. Nxe5 Qe6 24. Nf3 Ng6 25. Bd2 Rd7 26. b3 Rad8 27. Rae1
Ne5 28. Re2 Qg4 29. Ng1 Qxe2 30. Nxe2 Rxd2 31. Qc1 Rxe2 32. Rd1 Rxf2+ 33. Kh3
Rxd1 34. Qxd1 g5 35. g4 Bd6 0-1

[Event "Schachfestival Open"]
[Site "Bad Woerishofen"]
[Date "2011.03.27"]
[Round "5.30"]
[White "Ugolik, Vitalij"]
[Black "Santl, Anton"]
[Result "1-0"]
[WhiteElo "2247"]
[BlackElo "2101"]
[PlyCount "81"]
[EventDate "2011.??.??"]

1. d4 Nf6 2. c4 g6 3. Nc3 Bg7 4. e4 d6 5. Nf3 O-O 6. Be2 e5 7. Be3 exd4 8. Nxd4
Re8 9. f3 c6 10. Nc2 Be6 11. Qd2 Re7 12. O-O Rd7 13. Bg5 Qf8 14. f4 d5 15. cxd5
cxd5 16. e5 Ne4 17. Nxe4 dxe4 18. Qe3 Nc6 19. Rfd1 Rad8 20. Bxd8 Qxd8 21. Rxd7
Qxd7 22. Rd1 Qc7 23. Nd4 Qb6 24. Kf2 Bxa2 25. Nxc6 Qxc6 26. Rd8+ Bf8 27. Qxa7
Be6 28. b4 Kg7 29. Rxf8 Kxf8 30. Qc5+ Qxc5+ 31. bxc5 Ke7 32. Ke3 Bd5 33. Bd1 f5
34. exf6+ Kxf6 35. g4 g5 36. Bc2 gxf4+ 37. Kxf4 h6 38. h4 e3 39. g5+ hxg5+ 40.
hxg5+ Kg7 41. Kxe3 1-0

[Event "Schachfestival Open"]
[Site "Bad Woerishofen"]
[Date "2011.03.27"]
[Round "5.64"]
[White "Wörl, Richard"]
[Black "Perner, Wolfgang"]
[Result "1-0"]
[WhiteElo "2005"]
[BlackElo "1839"]
[PlyCount "47"]
[EventDate "2011.??.??"]

1. e4 e5 2. Nf3 Nc6 3. d4 exd4 4. Nxd4 Nf6 5. Nxc6 bxc6 6. Bd3 d5 7. e5 Ng4 8.
O-O Bc5 9. Qe2 Qh4 10. h3 Nxf2 11. Rxf2 Qg3 12. Kf1 Bxf2 13. Qxf2 Qxe5 14. Nc3
O-O 15. Bf4 Qe7 16. Be3 Re8 17. Bxa7 Qb4 18. Rb1 Qa5 19. Bd4 c5 20. Bxc5 Rb8
21. b4 Qa3 22. Qg3 g6 23. Re1 Be6 24. Ne2 1-0

[Event "Schachfestival Open"]
[Site "Bad Woerishofen"]
[Date "2011.03.27"]
[Round "5.81"]
[White "Nabaty, Tamir"]
[Black "Huss, Rolf"]
[Result "1-0"]
[WhiteElo "2581"]
[BlackElo "2143"]
[PlyCount "55"]
[EventDate "2011.??.??"]

1. e4 Nf6 2. e5 Nd5 3. d4 d6 4. c4 Nb6 5. f4 dxe5 6. fxe5 Nc6 7. Be3 Bf5 8. Nc3
e6 9. Nf3 Be7 10. d5 exd5 11. cxd5 Nb4 12. Nd4 Bd7 13. Qf3 c5 14. dxc6 Bxc6 15.
Qg4 N4d5 16. Bf2 Nxc3 17. bxc3 Qd5 18. Be2 Qxe5 19. O-O Nd5 20. Rae1 Nf6 21.
Nxc6 bxc6 22. Qxg7 Rg8 23. Qh6 Qd5 24. Bf3 Qxf3 25. Rxe7+ Kd8 26. Bb6+ axb6 27.
Rxf3 Rg6 28. Qf8+ 1-0

[Event "Schachfestival Senioren"]
[Site "Bad Woerishofen"]
[Date "2011.03.27"]
[Round "5.1"]
[White "Rahls, Peter"]
[Black "Gross, Werner"]
[Result "1-0"]
[WhiteElo "2249"]
[BlackElo "2249"]
[PlyCount "47"]
[EventDate "2011.??.??"]

1. e4 c5 2. Nf3 e6 3. b4 b6 4. bxc5 bxc5 5. Nc3 Nc6 6. Bb5 Nd4 7. O-O Nxb5 8.
Nxb5 Bb7 9. Re1 a6 10. Nc3 d6 11. d4 cxd4 12. Qxd4 Be7 13. Rb1 Bc6 14. Nd5 Bxd5
15. exd5 e5 16. Nxe5 dxe5 17. Qxe5 Kf8 18. Bf4 f6 19. Qe6 Qc8 20. Qe4 Qd7 21.
d6 Re8 22. dxe7+ Nxe7 23. Rb7 Qd8 24. Qe6 1-0